[Event "EU-ch (Women) 24th"]
[Site "Rhodes"]
[Date "2024.04.29"]
[Round "10"]
[White "Kalaiyalahan, Akshaya"]
[Black "Kroliczek, Gabriela"]
[Result "1-0"]
[WhiteElo "2148"]
[BlackElo "1957"]
[PlyCount "133"]
[EventDate "2024.04.19"]
[EventType "swiss"]
[EventRounds "10"]
[EventCountry "GRE"]
[SourceTitle "CB18_2024"]
[SourceDate "2024.05.01"]
[SourceVersion "1"]
[SourceVersionDate "2024.05.01"]
[SourceQuality "2"]

1. d4 Nf6 2. c4 b6 3. f3 c5 4. d5 d6 5. e4 e5 6. Nc3 g6 7. Bd3 a6 8. Nge2 Bg7 9. Bg5 h6 10. Be3 Nbd7 11. Qd2 Nf8 12. g3 Bh3 13. Rg1 h5 14. Nd1 Bd7 15. Nec3 N8h7 16. Nf2 Qc8 17. a3 0-0 18. Qe2 Ne8 19. g4 hxg4 20. fxg4 Nc7 21. h4 Qd8 22. h5 b5 23. b3 Rb8 24. g5 bxc4 25. bxc4 Rb3 26. Nfd1 Qe7 27. Bc2 Rb6 28. Qh2 Rfb8 29. Qh4 Na8 30. Rh1 R6b7 31. Ra2 Bf8 32. Bd3 Be8 33. Rah2 Rb3 34. Bc1 R8b7 35. Qg4 Rc7 36. Qg3 Qd8 37. Rh4 Rbb7 38. R1h3 Nb6 39. Nf2 Na4 40. Ncd1 Rd7 41. Bc2 Nb6 42. Nb2 Rdc7 43. Rh1 Rd7 44. Bd1 f6 45. gxf6 Qxf6 46. hxg6 Bxg6 47. Rg4 Rg7 48. Bh6 Nc8 49. Bxg7 Rxg7 50. Rh6 Ne7 51. Ba4 Kh8 52. Be8 Rg8 53. Rhxg6 Nxg6 54. Bxg6 Rg7 55. Nbd3 Qe7 56. Bxh7 Kxh7 57. Qh4+ Qxh4 58. Rxh4+ Kg6 59. Rg4+ Kh5 60. Rxg7 Bxg7 61. Ke2 Bf6 62. Kf3 Bd8 63. Ng4 Kg5 64. Ne3 Ba5 65. Nf5 Bc7 66. Ng7 Kf6 67. Ne8+ 1-0

[Event "EU-ch (Women) 24th"]
[Site "Rhodes"]
[Date "2024.04.27"]
[Round "8"]
[White "Schulze, Lara"]
[Black "Kroliczek, Gabriela"]
[Result "1-0"]
[WhiteElo "2290"]
[BlackElo "1957"]
[PlyCount "117"]
[EventDate "2024.04.19"]
[EventType "swiss"]
[EventRounds "10"]
[EventCountry "GRE"]
[SourceTitle "CB18_2024"]
[SourceDate "2024.05.01"]
[SourceVersion "1"]
[SourceVersionDate "2024.05.01"]
[SourceQuality "2"]

1. e4 e6 2. d4 d5 3. Nc3 Bb4 4. Nge2 dxe4 5. a3 Bxc3+ 6. Nxc3 Nc6 7. Bf4 Nf6 8. Bb5 Nd5 9. Qd2 f5 10. Bxc6+ bxc6 11. Be5 0-0 12. 0-0-0 Nb6 13. f3 exf3 14. gxf3 Rf7 15. Rhg1 Nc4 16. Qe2 Nxe5 17. Qxe5 Qd6 18. Na4 Rb8 19. Nc5 Qd5 20. Qxd5 exd5 21. Rde1 Bd7 22. Re5 Rbf8 23. f4 Bc8 24. Rge1 Rf6 25. Re7 R8f7 26. R7e3 Rh6 27. Re8+ Rf8 28. R1e7 Rxh2 29. Rxf8+ Kxf8 30. Rxc7 h5 31. Rxc8+ Kf7 32. Nd3 h4 33. Ne5+ Ke7 34. Rh8 h3 35. Nf3 Rh1+ 36. Kd2 a5 37. a4 Kd6 38. Rd8+ Ke7 39. Rh8 Kd6 40. Rh7 c5 41. dxc5+ Kxc5 42. Rxg7 h2 43. Rh7 Rf1 44. Nxh2 Rxf4 45. b3 Rf2+ 46. Kd3 Kd6 47. Rh3 Kc5 48. Nf3 Rf1 49. Nd2 Re1 50. Rf3 Re5 51. Nf1 d4 52. Ng3 f4 53. Ne4+ Kd5 54. Rxf4 Ke6 55. Kxd4 Rd5+ 56. Ke3 Ke5 57. Rh4 Ke6 58. Rh6+ Ke7 59. Rg6 1-0

[Event "Warsaw Szansa blitz op"]
[Site "Warsaw"]
[Date "2023.09.16"]
[Round "2"]
[White "Kroliczek, Gabriela"]
[Black "Bartel, Michal"]
[Result "0-1"]
[WhiteElo "1956"]
[BlackElo "2252"]
[PlyCount "108"]
[EventDate "2023.09.16"]
[EventType "swiss (blitz)"]
[EventRounds "13"]
[EventCountry "POL"]
[SourceTitle "EXT 2024"]
[Source "ChessBase"]
[SourceDate "2023.10.10"]
[SourceVersion "1"]
[SourceVersionDate "2023.10.10"]
[SourceQuality "1"]

1. e4 e5 2. Nf3 Nc6 3. Bc4 g6 4. 0-0 Bg7 5. c3 Nge7 6. Re1 0-0 7. d4 d6 8. h3 h6 9. a4 Kh7 10. a5 a6 11. dxe5 Nxe5 12. Nxe5 Bxe5 13. Be3 Nc6 14. Qd2 Bg7 15. b4 Nxb4 16. cxb4 Bxa1 17. Bxh6 Bg7 18. Bg5 Qe8 19. Qf4 Be6 20. Qh4+ Kg8 21. Bd3 f6 22. Be3 Qf7 23. Nd2 Rae8 24. Nf3 Bc4 25. Bb1 Re7 26. Qg3 Rd8 27. Nh4 g5 28. Nf5 Re5 29. h4 d5 30. hxg5 dxe4 31. gxf6 Rxf5 32. fxg7 Qxg7 33. Qh3 Be6 34. Bxe4 Rf6 35. Qh2 Bd5 36. Bxd5+ Rxd5 37. Bc1 Rf8 38. Qh4 Rdf5 39. Qc4+ Qf7 40. Qxf7+ R8xf7 41. Be3 Re5 42. Rd1 Re4 43. Bc5 Kg7 44. Rd8 c6 45. f3 Re2 46. Rd4 Kg6 47. Rg4+ Kf5 48. Kh2 Ke6 49. Kg3 Rd7 50. Kf4 Rdd2 51. g3 Rc2 52. Rg6+ Kf7 53. Rh6 Rc4+ 54. Kg5 Re5# 0-1

[Event "Ustron op-B"]
[Site "Ustron"]
[Date "2023.08.12"]
[Round "2"]
[White "Stepinski, Piotr"]
[Black "Kroliczek, Gabriela"]
[Result "1-0"]
[WhiteElo "1913"]
[BlackElo "1980"]
[PlyCount "97"]
[EventDate "2023.08.11"]
[EventType "swiss"]
[EventRounds "9"]
[EventCountry "POL"]
[SourceTitle "CBM 215 Extra"]
[Source "ChessBase"]
[SourceDate "2023.09.30"]
[SourceVersion "1"]
[SourceVersionDate "2023.09.30"]
[SourceQuality "1"]

1. e4 e6 2. d4 d5 3. Nd2 a6 4. Ngf3 c5 5. exd5 Qxd5 6. Bc4 Qd7 7. dxc5 Bxc5 8. 0-0 Nf6 9. Nb3 Bd6 10. Bg5 Qc7 11. Qe2 b5 12. Bd3 Bb7 13. Nbd4 Nc6 14. Nf5 Bf8 15. Bh4 0-0-0 16. Bg3 Qb6 17. Ne3 Nd4 18. Nxd4 Rxd4 19. c3 Rxd3 20. Qxd3 Qc6 21. c4 b4 22. f3 Bc5 23. Bf2 g5 24. a3 Rd8 25. Qe2 bxa3 26. Rfd1 Rg8 27. b4 Bxb4 28. Nc2 Bc5 29. Bxc5 Qxc5+ 30. Qe3 Qxe3+ 31. Nxe3 g4 32. Nxg4 Nxg4 33. fxg4 Rxg4 34. g3 Rxc4 35. Rdc1 Rxc1+ 36. Rxc1+ Kd7 37. Ra1 Bc6 38. Rxa3 Bb5 39. Kf2 Ke7 40. Ke3 Kf6 41. Kd4 Ke7 42. g4 Kd6 43. Rh3 e5+ 44. Kc3 f6 45. Rxh7 Be2 46. Rg7 a5 47. h4 a4 48. h5 f5 49. h6 1-0

[Event "EU-ch U18 Girls 30th"]
[Site "Antalya"]
[Date "2022.11.07"]
[Round "2"]
[White "Kanyamarala, Trisha"]
[Black "Kroliczek, Gabriela"]
[Result "1-0"]
[WhiteElo "2163"]
[BlackElo "2011"]
[PlyCount "113"]
[EventDate "2022.11.06"]
[EventType "swiss"]
[EventRounds "9"]
[EventCountry "TUR"]
[SourceTitle "CBM 211 Extra"]
[Source "ChessBase"]
[SourceDate "2023.01.31"]
[SourceVersion "1"]
[SourceVersionDate "2023.01.31"]
[SourceQuality "1"]

1. d4 d5 2. c4 e6 3. Nc3 c6 4. cxd5 exd5 5. Qc2 Nf6 6. Bg5 Be7 7. e3 Nbd7 8. Bd3 0-0 9. Nge2 Re8 10. f3 h6 11. Bh4 Nf8 12. 0-0 Ne6 13. Rad1 a6 14. Bf2 Bf8 15. h3 Qe7 16. e4 dxe4 17. fxe4 Ng5 18. Bh4 Nh5 19. Kh1 Be6 20. d5 Bd7 21. Bc4 b5 22. dxc6 bxc4 23. cxd7 Red8 24. Nd5 Qxe4 25. Qxe4 Nxe4 26. Nc7 g5 27. Nxa8 gxh4 28. Rf3 Nhg3+ 29. Nxg3 hxg3 30. Kg1 Bc5+ 31. Kf1 Bf2 32. Nc7 Nc5 33. Rd5 Nxd7 34. Rf6 Nxf6 35. Rxd8+ Kg7 36. Nxa6 Kg6 37. Nb4 Ne4 38. a4 f5 39. Nd5 Kf7 40. a5 Nc5 41. Nb6 f4 42. Nxc4 Ne6 43. Rd1 Kf6 44. Nd2 Ke5 45. Nf3+ Ke4 46. Ke2 Bc5 47. a6 Nc7 48. b4 Bf2 49. Rd6 Nb5 50. Rxh6 Nc3+ 51. Kd2 Na2 52. b5 Be3+ 53. Kc2 Nb4+ 54. Kb3 Nd5 55. Rh5 Nc7 56. Kc4 Nxa6 57. Re5# 1-0

[Event "POL-chT 1st League"]
[Site "Sypniewo"]
[Date "2022.09.05"]
[Round "3.8"]
[White "Kroliczek, Gabriela"]
[Black "Rykala, Monika"]
[Result "0-1"]
[WhiteElo "2030"]
[BlackElo "1883"]
[PlyCount "98"]
[EventDate "2022.09.03"]
[EventType "team-swiss"]
[EventRounds "9"]
[EventCountry "POL"]
[SourceTitle "CBM 210 Extra"]
[Source "ChessBase"]
[SourceDate "2022.11.30"]
[SourceVersion "1"]
[SourceVersionDate "2022.11.30"]
[SourceQuality "1"]
[WhiteTeam "Rybnik"]
[BlackTeam "Bydgoszcz Hetman"]
[WhiteTeamCountry "POL"]
[BlackTeamCountry "POL"]

1. e4 c5 2. Nf3 Nc6 3. b4 cxb4 4. d4 d5 5. e5 Bg4 6. Be3 e6 7. Bd3 Nge7 8. h3 Bf5 9. g4 Bxd3 10. Qxd3 h5 11. Rg1 hxg4 12. hxg4 Qa5 13. Nfd2 Qa6 14. Qb3 Rh3 15. Qb2 Ng6 16. a3 Qb6 17. axb4 Qxb4 18. Qxb4 Nxb4 19. Kd1 Nc6 20. Nb3 Rc8 21. c3 f6 22. exf6 gxf6 23. Ke2 Bd6 24. Na3 Bxa3 25. Rxa3 b6 26. Raa1 Kd7 27. Nd2 Na5 28. Ra3 Ne7 29. f4 Rg8 30. Raa1 Rh2+ 31. Kd3 Rh3 32. Ke2 Rc8 33. Ra3 Rch8 34. Nf1 Ng6 35. Ra1 Kd6 36. f5 Ne7 37. Bf4+ Kd7 38. Ne3 Rg8 39. g5 fxg5 40. f6 Nf5 41. Ng4 Kc8 42. Ne5 Rf8 43. Bxg5 Ng3+ 44. Kf3 Ne4+ 45. Kg4 Nf2+ 46. Kf4 Rh5 47. f7 Nh3+ 48. Kg4 Rxg5+ 49. Kxh3 Rh8# 0-1

[Event "POL-chT U18 1st"]
[Site "Poland"]
[Date "2022.06.27"]
[Round "3.5"]
[White "Starosta, Martyna"]
[Black "Kroliczek, Gabriela"]
[Result "0-1"]
[WhiteElo "1918"]
[BlackElo "1934"]
[PlyCount "92"]
[EventDate "2022.06.25"]
[EventType "team-swiss"]
[EventRounds "9"]
[EventCountry "POL"]
[SourceTitle "EXT 2023"]
[Source "ChessBase"]
[SourceDate "2022.10.05"]
[SourceVersion "1"]
[SourceVersionDate "2022.10.05"]
[SourceQuality "1"]
[WhiteTeam "Wroclaw Srodmiescie"]
[BlackTeam "Rybnik"]
[WhiteTeamCountry "POL"]
[BlackTeamCountry "POL"]

1. e4 c5 2. Nf3 Nc6 3. d4 cxd4 4. Nxd4 Nf6 5. Nc3 e5 6. Ndb5 d6 7. Nd5 Nxd5 8. exd5 Nb8 9. a4 Be7 10. Be2 0-0 11. 0-0 a6 12. Na3 Nd7 13. Kh1 f5 14. f4 g5 15. fxg5 Bxg5 16. Nc4 Bxc1 17. Rxc1 Qf6 18. Qe1 Kh8 19. Bg4 Qg6 20. Bh3 b5 21. axb5 axb5 22. Ne3 Nc5 23. Qh4 f4 24. Ng4 Bf5 25. b4 Ne4 26. Nh6 Bxh3 27. Qxh3 Ra4 28. Qe6 Rxb4 29. Ra1 Ra4 30. Rxa4 bxa4 31. Ra1 Nc5 32. Qxg6 hxg6 33. Kg1 Kg7 34. Ng4 Rb8 35. Ra2 Rb4 36. Kf2 Rd4 37. Ke2 Rxd5 38. c3 Ne4 39. Ra3 Kf7 40. Ke1 Rb5 41. c4 Rb1+ 42. Ke2 Rb2+ 43. Kf1 Nc5 44. Nf2 Rb3 45. Rxb3 axb3 46. Nd1 Na4 0-1

[Event "POL-ch U18 Girls"]
[Site "Sypniewo"]
[Date "2022.03.23"]
[Round "5"]
[White "Kroliczek, Gabriela"]
[Black "Dylag, Emilia"]
[Result "0-1"]
[WhiteElo "1823"]
[BlackElo "2003"]
[PlyCount "72"]
[EventDate "2022.03.19"]
[EventType "swiss"]
[EventRounds "9"]
[EventCountry "POL"]
[SourceTitle "CBM 207 Extra"]
[Source "ChessBase"]
[SourceDate "2022.05.31"]
[SourceVersion "1"]
[SourceVersionDate "2022.05.31"]
[SourceQuality "1"]

1. e4 e5 2. Nf3 Nc6 3. Nc3 Nf6 4. a3 d6 5. h3 g6 6. d4 exd4 7. Nxd4 Bg7 8. Be3 0-0 9. Be2 Re8 10. Nxc6 bxc6 11. f3 Nh5 12. 0-0 d5 13. Qe1 Qe7 14. Qf2 Be5 15. Bd3 Bg3 16. Qd2 Be5 17. Qf2 Qd6 18. f4 Bxc3 19. e5 Bxe5 20. fxe5 Qe7 21. Bc5 Qe6 22. Rae1 a5 23. Qh4 Ba6 24. g4 Ng7 25. Rf6 Qd7 26. Kh2 Bxd3 27. cxd3 d4 28. Re4 Ne6 29. Rxe6 Rxe6 30. Rxd4 Qe8 31. Rf4 Rxe5 32. Rc4 Re2+ 33. Bf2 Qe3 34. Kg1 Qxd3 35. Rd4 Qb1+ 36. Kg2 Qxb2 0-1

[Event "POL-ch U18 Girls"]
[Site "Sypniewo"]
[Date "2022.03.22"]
[Round "4"]
[White "Wikar, Martyna"]
[Black "Kroliczek, Gabriela"]
[Result "1-0"]
[WhiteElo "2160"]
[BlackElo "1823"]
[PlyCount "107"]
[EventDate "2022.03.19"]
[EventType "swiss"]
[EventRounds "9"]
[EventCountry "POL"]
[SourceTitle "CBM 207 Extra"]
[Source "ChessBase"]
[SourceDate "2022.05.31"]
[SourceVersion "1"]
[SourceVersionDate "2022.05.31"]
[SourceQuality "1"]

1. e4 e5 2. Nf3 Nc6 3. Bc4 Bc5 4. d3 Nf6 5. Bb3 0-0 6. 0-0 d5 7. exd5 Nxd5 8. h3 Be6 9. Re1 Re8 10. Nc3 h6 11. Ne4 Bf8 12. Ba4 Bd7 13. c3 Nb6 14. Bb3 Be6 15. Be3 Bxb3 16. axb3 Nd5 17. b4 Nxe3 18. fxe3 a6 19. Qc2 Qd5 20. d4 a5 21. bxa5 exd4 22. exd4 Nxa5 23. Ned2 Nc6 24. Rxa8 Rxa8 25. b3 Qd6 26. Ne4 Qf4 27. b4 Ne7 28. Ne5 Nd5 29. Qe2 Bd6 30. Ng4 Qf5 31. Rf1 Qd7 32. Qf3 Qe6 33. c4 Nxb4 34. Nxd6 cxd6 35. Qxb7 Ra2 36. Qxb4 Qe4 37. Nf2 Qe2 38. Qb8+ Kh7 39. Qb1+ g6 40. Qe4 Qxc4 41. Ng4 Re2 42. Rxf7+ Qxf7 43. Qxe2 h5 44. Nf2 Qf4 45. Qe4 Qc1+ 46. Kh2 Qa3 47. Qe7+ Kh6 48. Qf8+ Kh7 49. Ne4 g5 50. Qf7+ Kh6 51. Qf6+ Kh7 52. Nxg5+ Kg8 53. Qg6+ Kh8 54. Nf7# 1-0

[Event "POL-chT 1st League"]
[Site "Szklarska Poreba"]
[Date "2021.09.11"]
[Round "8.5"]
[White "Kroliczek, Gabriela"]
[Black "Lach, Aleksandra"]
[Result "0-1"]
[WhiteElo "1889"]
[BlackElo "2157"]
[PlyCount "174"]
[EventDate "2021.09.04"]
[EventType "team-swiss"]
[EventRounds "9"]
[EventCountry "POL"]
[SourceTitle "CBM 204 Extra"]
[Source "ChessBase"]
[SourceDate "2021.11.30"]
[SourceVersion "1"]
[SourceVersionDate "2021.11.30"]
[SourceQuality "1"]
[WhiteTeam "Rybnik"]
[BlackTeam "Czestochowa Hetman"]
[WhiteTeamCountry "POL"]
[BlackTeamCountry "POL"]

1. d4 Nf6 2. c4 e6 3. Bf4 Bb4+ 4. Nd2 b6 5. Ngf3 Bb7 6. a3 Bxd2+ 7. Nxd2 d6 8. e3 0-0 9. Bg3 Ne4 10. Nxe4 Bxe4 11. f3 Bg6 12. Bd3 Bxd3 13. Qxd3 Nd7 14. 0-0 f5 15. b4 Rf7 16. Rfd1 Qf6 17. Rac1 e5 18. c5 f4 19. exf4 exf4 20. Bf2 d5 21. cxb6 cxb6 22. Qb5 Qf5 23. Rc7 Nf8 24. Qc6 Rd8 25. Re1 Rxc7 26. Qxc7 Rd7 27. Qb8 Qf7 28. h3 h6 29. Re8 g5 30. b5 Re7 31. Rd8 Kg7 32. Qd6 Rd7 33. Qe5+ Kh7 34. Re8 Ng6 35. Qb8 Re7 36. Rd8 Rd7 37. Rc8 Qe7 38. a4 Kg7 39. Re8 Qd6 40. Qxd6 Rxd6 41. Ra8 Rd7 42. Kf1 Ne7 43. Ke2 Nf5 44. Kd3 Nd6 45. g3 Nc4 46. gxf4 gxf4 47. Bh4 Rc7 48. Bd8 Rd7 49. Rc8 Kg6 50. Rc6+ Kh5 51. Bf6 Rf7 52. Re6 Kg6 53. Bd8+ Kh5 54. Re7 Rf8 55. Bc7 Kh4 56. Rh7 Kxh3 57. Rxh6+ Kg3 58. Be5 Kxf3 59. Rh7 Rc8 60. Rxa7 Nb2+ 61. Kd2 Ke4 62. Rf7 Nc4+ 63. Ke2 Nxe5 64. dxe5 Kxe5 65. Kd3 Ra8 66. Rb7 Rxa4 67. Rxb6 Ra3+ 68. Ke2 Rb3 69. Rb8 Kd6 70. Rf8 Rxb5 71. Rxf4 Ke5 72. Rh4 Rb2+ 73. Kd3 Rb3+ 74. Kd2 Ra3 75. Rh5+ Kd4 76. Rh4+ Kc5 77. Rg4 Rh3 78. Rf4 Rh5 79. Kd3 d4 80. Rg4 Rh3+ 81. Kd2 Kc4 82. Rf4 Rh2+ 83. Kd1 Kc3 84. Rg4 Rh1+ 85. Ke2 d3+ 86. Kf2 d2 87. Rg3+ Kc2 0-1